| Tag |
First Indicator |
Second Indicator |
Subfields |
| LEADER |
00000cam a22000001a 4500 |
| 001 |
in00003333613 |
| 006 |
m d f |
| 007 |
cr bn mmmapmmp |
| 008 |
101207s2006 dcu o f000 0 eng d |
| 005 |
20260430171003.0 |
| 035 |
|
|
|a cis2007855440
|
| 040 |
|
|
|a ProQuest
|c ProQuest
|d UtOrBLW
|
| 043 |
|
|
|a n-us---
|
| 099 |
|
|
|a CRS-2006-FDT-1559
|
| 110 |
2 |
|
|a Library of Congress.
|b Congressional Research Service.
|
| 245 |
1 |
0 |
|a North Korea's Nuclear Weapons Development and Diplomacy.
|
| 264 |
|
1 |
|a [Place of publication not identified] :
|b [publisher not identified],
|c 2006.
|
| 300 |
|
|
|a 1 online resource.
|
| 336 |
|
|
|a text
|b txt
|2 rdacontent
|
| 337 |
|
|
|a computer
|b c
|2 rdamedia
|
| 338 |
|
|
|a online resource
|b cr
|2 rdacarrier
|
| 500 |
|
|
|a Record is based on bibliographic data in ProQuest U.S. Congressional Research Digital Collection (last viewed Dec. 2010). Reuse except for individual research requires license from ProQuest, LLC.
|
| 500 |
|
|
|a CRS Report.
|
| 520 |
|
|
|a Reviews recent developments in North Korean nuclear weapons activities, including North Korea's 2006 nuclear test, UN sanctions, and international response. Provides background on the six-party talks, and discusses North Korean boycott of the six-party talks and the Sept. 2005 six party statement. Describes North Korea's nuclear program, examines the state of nuclear weapons development, reviews the 1994 Agreed Framework, and discusses the role of Congress.
|
| 500 |
|
|
|a Electronic resource.
|
| 650 |
|
0 |
|a Boycotts.
|
| 650 |
|
0 |
|a International relations.
|
| 650 |
|
0 |
|a Sanctions (International law)
|
| 655 |
|
7 |
|a Electronic books.
|2 local
|
| 710 |
2 |
|
|a ProQuest (Firm)
|
| 776 |
0 |
8 |
|i Microfiche version:
|a Library of Congress. Congressional Research Service.
|t North Korea's Nuclear Weapons Development and Diplomacy
|
| 830 |
|
0 |
|a U.S. Congressional Research.
|
| 856 |
4 |
0 |
|u http://proxy.library.tamu.edu/login?url=https://congressional.proquest.com/congcomp/getdoc?CRDC-ID=CRS-2006-FDT-1559
|z Connect to the full text of this electronic book
|t 0
|
| 999 |
|
|
|a MARS
|
| 999 |
f |
f |
|s d27661a2-98a5-335a-bc4a-30b7e1789d2c
|i 90afd365-3ec5-3c99-9352-12e318bf00c9
|t 0
|
| 952 |
f |
f |
|a Texas A&M University
|b College Station
|c Electronic Resources
|s www_evans
|d Available Online
|t 0
|e CRS-2006-FDT-1559
|h Other scheme
|
| 998 |
f |
f |
|a CRS-2006-FDT-1559
|t 0
|l Available Online
|